| 000 | 00471nam a22001695i 4500 | ||
|---|---|---|---|
| 999 |
_c114585 _d114585 |
||
| 001 | 20358488 | ||
| 005 | 20191125093013.0 | ||
| 008 | 180214s2018 cau 000 0 eng | ||
| 020 | _a9781138553675 | ||
| 040 | _cPK-LaUMT | ||
| 082 |
_a621.042 _bPAW-A |
||
| 100 | _aPawlowska, Malgorzata | ||
| 245 | 0 | 0 |
_aAdvances in renewable energy research / _cby Malgorzata Pawlowska & Artur Pawlowski |
| 260 |
_aBoca Raton : _bCRC Press, _c2017 |
||
| 300 | _a85 p. | ||
| 942 | _cBK | ||